| 000 | 00604nam a2200205 4500 | ||
|---|---|---|---|
| 001 | 85516 | ||
| 003 | BD-RjUL | ||
| 005 | 20250812111301.0 | ||
| 008 | 250812t19221982ii ||||| |||| 00| 0 urd d | ||
| 035 | _a(BD-RjUL) 85516 | ||
| 040 |
_aBD-RjUL _beng _cBD-RjUL |
||
| 041 | _aurd | ||
| 082 |
_223 _a891.4391 _bDAB 1982 |
||
| 245 |
_aمثنوی بحر المحبت ;; Masnavi Bahr al-Mahbat / _cغلام ہمدانی مصحفی ;; Ghulam Hamadani Mushafi |
||
| 250 | _a2nd.ed. | ||
| 260 |
_aDelhi : _bMaktubai Jamiah, _c1982 |
||
| 300 |
_a71 p. ; _c17 cm |
||
| 650 | _aurdu literature | ||
| 942 |
_2ddc _cBK |
||
| 999 |
_c85516 _d85516 |
||